Matériel roulant RER / Transilien en IDF - Statistiques

Statistiques générales
  • Ce quiz a été pris 197 fois
  • Le résultat moyen est 16 sur 26
Statistiques - réponses
RER A Précisions Répondre % Correct
Matériel actuel MI09
92%
Matériel actuel MI2N
90%
Matériel actuel MI79
79%
Matériel actuel MI84
77%
Matériel futur Prévu à partir de 2027 (prévisions) MI20
71%
Matériel actuel Différentes dénominations possibles. Z50000 / Francilien / NAT
68%
Matériel actuel Premières rames délivrés le 13 novembre 2023 RER NG / Z58000 / Z58500
67%
Matériel actuel Premières rames délivrés le 16 décembre 2024 RER NG / Z58000 / Z58500
67%
Matériel actuel Différentes dénominations possibles. Z50000 / Francilien / NAT
65%
Matériel actuel Différentes dénominations possibles. Z22500 / MI2N
64%
Matériel actuel Différentes dénominations possibles. Z50000 / Francilien / NAT
63%
Matériel actuel Z20500
62%
Matériel actuel Différentes dénominations possibles. Régio2N / Z57000
61%
Matériel actuel Différentes dénominations possibles. Régio2N / Z57000
59%
Matériel actuel Circule uniquement dans l'Etoile de Corbeil et dans la Vallée. Différentes dénominations possibles. Régio2N / Z57000
58%
Matériel actuel Z20500
58%
Matériel actuel Z20900
56%
Matériel actuel Z5600
56%
Matériel actuel Z8800
56%
Matériel actuel Circule uniquement sur la branche J5, missions PSL - Mantes via Poissy. Différentes dénominations possibles. BB27300 + VB2N
54%
Matériel actuel Opéré entre Paris et Château - Thierry uniquement Z20500
51%
Matériel actuel Z8800
47%
Matériel actuel Opéré dans les missions Meaux - La Ferté Milon uniquement. Donnez le modèle ou famille de trains. B82500
44%
Matériel actuel Circule rarement Z20500
43%
Matériel actuel Circule rarement Z5600
42%
Matériel actuel Opéré entre Esbly et Crécy-la-Chapelle uniquement. Donnez le nom courant ou le modèle précis. U53600 / Tram-train
34%
Aucun quiz correspondant
Distribution des résultats
% des personnes avec chaque résultat
Percentile par nombre de réponses
Votre historique - résultats
Vous n’avez pas pris ce quiz